Library Banner

بنگالی مسلمانوں کی 100 صد سالہ جہد آزادی (Record no. 70576)

MARC details
000 -LEADER
fixed length control field 00443nam a22001457a 4500
005 - DATE AND TIME OF LATEST TRANSACTION
control field 20150428150749.0
008 - FIXED-LENGTH DATA ELEMENTS--GENERAL INFORMATION
fixed length control field 150428b xxu||||| |||| 00| 0 eng d
040 ## - CATALOGING SOURCE
Transcribing agency PK-LaUMT
082 ## - DEWEY DECIMAL CLASSIFICATION NUMBER
Classification number KHC 954.92
Item number ABD-B
100 ## - MAIN ENTRY--PERSONAL NAME
Personal name عبداللہ ملک
245 ## - TITLE STATEMENT
Title بنگالی مسلمانوں کی 100 صد سالہ جہد آزادی
Statement of responsibility, etc عبداللہ ملک
260 ## - PUBLICATION, DISTRIBUTION, ETC. (IMPRINT)
Place of publication, distribution, etc لاہور
Name of publisher, distributor, etc کوثر پبلشرز
Date of publication, distribution, etc [N.D]
300 ## - PHYSICAL DESCRIPTION
Extent 416 ص
942 ## - ADDED ENTRY ELEMENTS (KOHA)
Koha item type Books
Holdings
Withdrawn status Lost status Damaged status Home library Current library Date acquired Full call number Barcode Date last seen Price effective from Koha item type
      UMT Main Campus UMT Main Campus 2015-04-28 KHC 954.92 ABD-B 73890 2015-04-28 2015-04-28 Books